Contacto : por una nueva sociedad latinoamericana /
Revista bimestral sobre temas de coyuntura política internacional. Contenido: Carta del editor: hacia un nuevo orden internacional (Alex Morelli); El golpe militar y la condenación de "Cristianos por el Socialismo" en Chile (Gilberto Giménez); Reflexiones sociológicas y teológicas sobre la "contesta...
Сохранить в:
| Другие авторы: | |
|---|---|
| Формат: | |
| Язык: | испанский |
| Предметы: | |
| Метки: |
Нет меток, Требуется 1-ая метка записи!
|
MARC
| LEADER | 00000nam^a2200000^a^4500 | ||
|---|---|---|---|
| 001 | 000189034 | ||
| 005 | 20250521000000.0 | ||
| 009 | 20260310102400.912 | ||
| 037 | |a Acervo ITESO - Biblioteca | ||
| 041 | |a ESP | ||
| 082 | |a 320. 05 |b CON 1975 V. 1-2 | ||
| 240 | 1 | 1 | |a [Contacto] |
| 245 | 0 | 0 | |a Contacto : |b por una nueva sociedad latinoamericana / |c Dir. de A. Morelli. |
| 264 | |a México : |b Secretariado Social Mexicano, |c 1975 | ||
| 300 | |a 186 p. | ||
| 336 | |a texto |b txt |2 rdacontenido | ||
| 337 | |a sin mediación |b n |2 rdamedio | ||
| 338 | |a volumen |b nc |2 rdasoporte | ||
| 520 | |a Revista bimestral sobre temas de coyuntura política internacional. Contenido: Carta del editor: hacia un nuevo orden internacional (Alex Morelli); El golpe militar y la condenación de "Cristianos por el Socialismo" en Chile (Gilberto Giménez); Reflexiones sociológicas y teológicas sobre la "contestación" (Humberto G. Bedoy); El cristianismo sin adornos ni disfraces (José Cota); El pueblo habla: voces campesinas; Masacre de campesinos en El Salvador; Carta abierta al presidente Gerald Ford; Esta muerte es un grito (J.P. Manigne); Libros: André Aubry, Una iglesia sin parroquias; Henri Lefebvre, La revolución de hoy; El pájaro de fuego; Libros recibidos en la redacción; Indices generales de Contacto en 1974. | ||
| 649 | |a XX | ||
| 650 | |a Política - |x Publicaciones Periódicas Mexicanas - |x Tema Principal | ||
| 650 | |a Campesinos - |z Latinoamérica - |x Condiciones Sociales y Culturales | ||
| 650 | |a Campesinos - |z Latinoamérica - |x Condiciones Políticas | ||
| 650 | |a Indígenas - |x Condiciones Sociales y Culturales | ||
| 650 | |a Indígenas - |x Condiciones Políticas | ||
| 650 | |a Salvación | ||
| 650 | |a Libertad de Expresión | ||
| 650 | |a Opinión Pública | ||
| 650 | |a Socialismo - |z Chile - |x Historia - |y 1973-1990 | ||
| 650 | |a Oposición Política | ||
| 650 | |a Represión - |z El Salvador | ||
| 650 | |a Participación Política | ||
| 650 | |a Participación Social | ||
| 650 | |a Movimientos Indígenas - |z Latinoamérica | ||
| 650 | |a Movimientos Campesinos - |z Latinoamérica | ||
| 650 | |a Movimientos Sociales - |z Latinoamérica | ||
| 650 | |a Golpe de Estado - |z Chile - |x Historia - |y 1973-1990 | ||
| 650 | |a Política Exterior - |z EUA - |x Historia - |y 1974-1977 | ||
| 650 | |a Iglesia y Problemas Sociales - |z Chile - |x Historia - |y 1973-1990 | ||
| 650 | |a Iglesia y Estado - |z Chile - |x Historia - |y 1973-1990 | ||
| 650 | |a Teología Doctrinal - |z Chile | ||
| 650 | |a Iglesia Católica en Chile - |x Historia - |y 1973-1990 | ||
| 650 | |a Catolicismo | ||
| 650 | |a Cristianismo | ||
| 650 | |a Religión | ||
| 650 | |a Nuevo Orden Mundial | ||
| 650 | |a Libros - |x Reseñas | ||
| 650 | |a Política - |z Chile - |x Historia - |y 1973-1990 | ||
| 650 | |a Política - |z El Salvador - |x Historia - |y 1945-1979 | ||
| 650 | |a Política - |z Latinoamérica - |x Historia - |y 1970-1979 - |x Tema Principal | ||
| 650 | |a Política - |z Latinoamérica - |x Historia - |y Siglo XX | ||
| 650 | |a Política Internacional - |x Historia - |y 1970-1979 | ||
| 650 | |a Política Internacional - |x Historia - |y Siglo XX | ||
| 650 | |a Publicaciones Periódicas Mexicanas - |x Indices | ||
| 650 | |a Publicaciones Periódicas Mexicanas | ||
| 650 | |a Aubry, André | ||
| 650 | |a Lefebvre, Henri | ||
| 700 | |a Morelli, Alex |e (dirección) | ||
| 910 | |a Fondo General | ||
| 920 | |a Impresos - Libros | ||
| 930 | |a Colección General | ||
| 905 | |a 101 | ||
| 901 | |a 0500131636 |b IT1 |c ACC |u 20250521 | ||
| 902 | |a https://opac.biblio.iteso.mx/vufind/Record/000189034 | ||